Chelsea’s Road To UCL Victory 20/21 Season - Statistics

General Stats
  • This quiz has been taken 48 times
  • The average score is 12 of 13
Answer Stats
Hint Answer % Correct
Atlético Madrid v Chelsea RO16 Leg 1 Win 0-1
98%
Chelsea v Porto QF Leg 2 Lose 0-1
98%
Manchester City v Chelsea Final Win 0-1
98%
Chelsea v Krasnodar Matchday 6/6 Draw 1-1
98%
Real Madrid v Chelsea SF Leg 1 Draw 1-1
98%
Rennes v Chelsea Matchday 4/6 Win 1-2
98%
Chelsea vs Atlético Madrid RO16 Leg 2 Win 2-0
98%
Chelsea vs Real Madrid SF Leg 2 Win 2-0
98%
Chelsea v Sevilla Matchday 1/6 Draw 0-0
96%
Porto v Chelsea QF Leg 1 Win 0-2
96%
Chelsea v Rennes Matchday 3/6 Win 3-0
96%
Krasnodar v Chelsea Matchday 2/6 Win 0-4
83%
Sevilla v Chelsea Matchday 5/6 Win 0-4
83%
No matching quizzes found
Score Distribution
Percent of People with Each Score
Percentile by Number Answered
Your Score History
You have not taken this quiz